समाजशास्त्रः सामाजिक अन्तः क्रियाओं का अध्ययन / (Record no. 63941)

MARC details
000 -LEADER
fixed length control field 00839nam a22001817a 4500
005 - DATE AND TIME OF LATEST TRANSACTION
control field 2012031009129.0
020 ## - INTERNATIONAL STANDARD BOOK NUMBER
Terms of availability 207.00
International Standard Book Number 8173610568
035 ## - SYSTEM CONTROL NUMBER
System control number B-226760
037 ## - SOURCE OF ACQUISITION
Source of stock number/acquisition
Stock number dpl
082 ## - DEWEY DECIMAL CLASSIFICATION NUMBER
Classification number 301
100 ## - MAIN ENTRY--PERSONAL NAME
Personal name कर, परिमल बी.
245 1# - TITLE STATEMENT
Title समाजशास्त्रः सामाजिक अन्तः क्रियाओं का अध्ययन /
Statement of responsibility, etc परिमल बी.कर
260 ## - PUBLICATION, DISTRIBUTION, ETC. (IMPRINT)
Place of publication, distribution, etc नई दिल्ली
Name of publisher, distributor, etc जवाहर पब्लिशर्स एण्ड डिस्ट्रीब्यूटर्स
Date of publication, distribution, etc 2006
270 ## - ADDRESS
Address
City
Postal code
Telephone number
300 ## - PHYSICAL DESCRIPTION
Extent 712पृ.
Dimensions 22सेमी (अजिल्द)
942 ## - ADDED ENTRY ELEMENTS (KOHA)
Institution code [OBSOLETE] dpl
Item type Hindi Books
Call number prefix
Source of classification or shelving scheme Dewey Decimal Classification
Classification part 301
Call number suffix करप
Holdings
Withdrawn status Lost status Not for loan Collection code Home library Current library Date acquired Cost, normal purchase price Full call number Barcode Cost, replacement price Koha item type
      Non-fiction Sarojini Nagar Sarojini Nagar 10/03/2012 207.00 301 करप B-226760 207.00 Hindi Books

© Delhi Public Library
Hit Counter
free hit counter